000 00893nam a2200253Ia 4500
999 _c65185
_d65185
005 20240530110811.0
008 140319s2009 jo a b 000 0 ara d
017 _a2008/9/3083
_bعمان . دائرة المكتبة الوطنية
040 _aGCL /
_cGCL
082 0 4 _221
_a745.5 /
_bم م
100 0 _aمحمد سعيد عبدالله
245 1 0 _aموسوعة المهارات والهوايات والحرف /
_cمحمد سعيد عبدالله
250 _aط.1
260 _aعمان :
_bدار دجلة،
_c2009 .
300 _a210 ص. :
_bايض. ؛
_c24 سم.
650 0 7 _aالمهارات
_2qrmak
650 0 7 _aالصناعات اليدوية
_2qrmak
650 0 7 _aالهوايات
_2qrmak
650 0 7 _aالزجاج المعشق
_2qrmak
650 0 7 _aالحرف
_2qrmak
651 _2qrmak
942 _2ddc
_cBK